[Event "Novokuznetsk Siberia-ch"]
[Site "Novokuznetsk"]
[Date "2013.03.21"]
[Round "1"]
[White "Tunik, Sergey"]
[Black "Bakhmetov, Pavel"]
[Result "1-0"]
[WhiteElo "2147"]
[BlackElo "1955"]
[PlyCount "60"]
[EventDate "2013.03.21"]
[EventType "swiss"]
[EventRounds "9"]
[EventCountry "RUS"]
[SourceTitle "CBM 153 Extra"]
[Source "ChessBase"]
[SourceDate "2013.04.22"]
[SourceVersion "1"]
[SourceVersionDate "2013.04.22"]
[SourceQuality "1"]

1. Nf3 d5 2. d4 c6 3. c4 e6 4. Nc3 dxc4 5. a4 Bb4 6. e3 b5 7. Bd2 Bxc3 8. Bxc3 a5 9. axb5 cxb5 10. b3 b4 11. Bxb4 Qb6 12. Bc5 Qxb3 13. Qc1 Ba6 14. Rxa5 Nc6 15. Rxa6 Rxa6 16. Bxc4 Qa4 17. Bxa6 Qxa6 18. Nd2 Nf6 19. Nc4 Kd7 20. 0-0 Ne4 21. Nd2 Nf6 22. Rd1 Rb8 23. Nf3 Ne4 24. Qc2 f5 25. d5 exd5 26. Rxd5+ Ke6 27. Rd1 Qb5 28. Nd4+ Kf7 29. Qa2+ Kg6 30. Qe6+ Nf6 1-0

[Event "Novokuznetsk Winter op"]
[Site "Novokuznetsk"]
[Date "2013.01.12"]
[Round "9"]
[White "Shulajakov, Alexander"]
[Black "Bakhmetov, Pavel"]
[Result "0-1"]
[WhiteElo "1833"]
[BlackElo "1956"]
[PlyCount "92"]
[EventDate "2013.01.03"]
[EventType "swiss"]
[EventRounds "9"]
[EventCountry "RUS"]
[SourceTitle "CBM 152 Extra"]
[Source "ChessBase"]
[SourceDate "2013.02.25"]
[SourceVersion "1"]
[SourceVersionDate "2013.02.25"]
[SourceQuality "1"]

1. e4 e5 2. Nf3 Nc6 3. Bc4 Be7 4. d4 exd4 5. c3 d6 6. cxd4 Bg4 7. h3 Bh5 8. Nc3 Nf6 9. Be3 Nxe4 10. Nxe4 d5 11. Bb5 dxe4 12. g4 exf3 13. Qxf3 Bb4+ 14. Kf1 Bxg4 15. Qxg4 Qd5 16. Bxc6+ Qxc6 17. Rg1 g6 18. a3 Qb5+ 19. Kg2 Qd5+ 20. f3 f5 21. Qh4 Be7 22. Qf2 0-0-0 23. Rac1 g5 24. Rge1 Bd6 25. Kf1 g4 26. f4 gxh3 27. Qh2 Qf3+ 28. Qf2 Qg4 29. Qg1 Qf3+ 30. Qf2 Qh5 31. Qe2 Qh4 32. Qf2 Qg4 33. Qg1 h5 34. Rc2 Rhg8 35. Qxg4 hxg4 36. Rh2 Rh8 37. Kf2 Be7 38. Rg1 Rdg8 39. Ke2 Rd8 40. Kf2 Rd5 41. Ke2 Kd7 42. Bf2 Bd6 43. Be3 Re8 44. Kf2 Re4 45. Re1 Bxf4 46. Bxf4 Rxf4+ 0-1

[Event "Novokuznetsk Winter op"]
[Site "Novokuznetsk"]
[Date "2013.01.11"]
[Round "8"]
[White "Bakhmetov, Pavel"]
[Black "Seslavin, Maxim"]
[Result "0-1"]
[WhiteElo "1956"]
[BlackElo "1967"]
[PlyCount "96"]
[EventDate "2013.01.03"]
[EventType "swiss"]
[EventRounds "9"]
[EventCountry "RUS"]
[SourceTitle "CBM 152 Extra"]
[Source "ChessBase"]
[SourceDate "2013.02.25"]
[SourceVersion "1"]
[SourceVersionDate "2013.02.25"]
[SourceQuality "1"]

1. f4 b6 2. e4 Bb7 3. Nc3 e6 4. d4 Bb4 5. Bd3 f5 6. Qe2 Qh4+ 7. g3 Qe7 8. Nf3 fxe4 9. Bxe4 Bxe4 10. Qxe4 Nc6 11. 0-0 Nf6 12. Qd3 Bxc3 13. bxc3 0-0 14. c4 Rfe8 15. Re1 Qf7 16. Bb2 Ne7 17. Re2 Qh5 18. Rae1 Qf5 19. Qc3 a6 20. Nh4 Qg4 21. d5 Nf5 22. Nxf5 exf5 23. Rxe8+ Rxe8 24. Rxe8+ Nxe8 25. Qe1 Qg6 26. Qe7 Qf7 27. Qe2 h6 28. Kf2 Nd6 29. Qe3 Nxc4 30. Qd4 Nxb2 31. Qxb2 Qxd5 32. Ke3 Qc5+ 33. Kf3 Qd5+ 34. Kf2 a5 35. h3 Qc4 36. Kf3 Qe4+ 37. Kf2 Qb4 38. Qc1 c5 39. c3 Qc4 40. Qe3 Qxa2+ 41. Kf3 Qd5+ 42. Kf2 Qe4 43. Qd2 Qe6 44. g4 fxg4 45. hxg4 Qxg4 46. Qd5+ Qe6 47. Qa8+ Kh7 48. Kf3 Qc6+ 0-1

[Event "Novokuznetsk Winter op"]
[Site "Novokuznetsk"]
[Date "2013.01.04"]
[Round "2"]
[White "Bakhmetov, Pavel"]
[Black "Chernov, Mikhail"]
[Result "0-1"]
[WhiteElo "1956"]
[BlackElo "2245"]
[PlyCount "86"]
[EventDate "2013.01.03"]
[EventType "swiss"]
[EventRounds "9"]
[EventCountry "RUS"]
[SourceTitle "CBM 152 Extra"]
[Source "ChessBase"]
[SourceDate "2013.02.25"]
[SourceVersion "1"]
[SourceVersionDate "2013.02.25"]
[SourceQuality "1"]

1. e4 Nf6 2. e5 Nd5 3. c4 Nb6 4. Nc3 d6 5. exd6 cxd6 6. d4 g6 7. Bd3 Bg7 8. Nge2 Nc6 9. Be3 0-0 10. a3 e5 11. d5 Ne7 12. f3 Nf5 13. Bf2 Qg5 14. Bxf5 Bxf5 15. g4 Bd7 16. Ne4 Qd8 17. c5 Nc8 18. Qb3 f5 19. gxf5 gxf5 20. Nd2 dxc5 21. Bxc5 Qh4+ 22. Bf2 Qe7 23. Rg1 Kh8 24. 0-0-0 Nd6 25. f4 e4 26. Kb1 Bb5 27. Nc1 Rac8 28. Nf1 Bc4 29. Qb4 b6 30. Ne3 a5 31. Qd2 b5 32. Qxa5 b4 33. axb4 Ra8 34. Qc5 Rfc8 35. Qb6 Ra6 36. Nxc4 Rxb6 37. Nxb6 Rb8 38. Rg5 e3 39. Bxe3 Qxe3 40. Nd7 Rxb4 41. Nd3 Qe2 42. Rxg7 Qxd1+ 43. Ka2 Ra4# 0-1

[Event "Novokuznetsk Winter op"]
[Site "Novokuznetsk"]
[Date "2013.01.03"]
[Round "1"]
[White "Guzikov, Danil"]
[Black "Bakhmetov, Pavel"]
[Result "0-1"]
[WhiteElo "2170"]
[BlackElo "1956"]
[PlyCount "94"]
[EventDate "2013.01.03"]
[EventType "swiss"]
[EventRounds "9"]
[EventCountry "RUS"]
[SourceTitle "CBM 152 Extra"]
[Source "ChessBase"]
[SourceDate "2013.02.25"]
[SourceVersion "1"]
[SourceVersionDate "2013.02.25"]
[SourceQuality "1"]

1. Nf3 d5 2. d4 c6 3. g3 f5 4. Bg2 Nf6 5. c4 dxc4 6. Ne5 Qa5+ 7. Bd2 Qa6 8. 0-0 Be6 9. Nc3 Nbd7 10. Na4 Nxe5 11. Nc5 Qb6 12. Nxe6 Nf7 13. Qa4 Rc8 14. Ba5 Qxb2 15. Rab1 b5 16. Rxb2 bxa4 17. Bxc6+ Rxc6 18. Rb8+ Kd7 19. Nxf8+ Kd6 20. Rfb1 c3 21. Bb4+ Kd5 22. Bxe7 c2 23. Rc1 Kxd4 24. Rb2 Nd5 25. Ba3 Rc3 26. Bb4 Rc4 27. Ne6+ Ke5 28. Nf4 Nxb4 29. Rxb4 Rxb4 30. Nd3+ Kd4 31. Nxb4 Kc3 32. a3 Kb2 33. Rxc2+ Kxa3 34. Rc7 Kxb4 35. Rb7+ Ka5 36. Rxf7 a6 37. Rxf5+ Kb4 38. Rf4+ Kb3 39. Rf3+ Kb2 40. Rf4 a3 41. Rb4+ Ka2 42. e4 a5 43. Rb7 Re8 44. f3 Rc8 45. Rxg7 Rc1+ 46. Kf2 Kb3 47. Rb7+ Ka4 0-1

[Event "Kemerovo Kuzbass-ch"]
[Site "Kemerovo"]
[Date "2012.11.25"]
[Round "3"]
[White "Bakhmetov, Pavel"]
[Black "Cheremnova, Tamara"]
[Result "0-1"]
[WhiteElo "1935"]
[BlackElo "2260"]
[PlyCount "54"]
[EventDate "2012.11.23"]
[EventType "swiss"]
[EventRounds "9"]
[EventCountry "RUS"]
[SourceTitle "CBM 151 Extra"]
[Source "ChessBase"]
[SourceDate "2012.12.18"]
[SourceVersion "1"]
[SourceVersionDate "2012.12.18"]
[SourceQuality "1"]

1. e4 c6 2. d4 d5 3. Nc3 dxe4 4. Nxe4 Bf5 5. Ng3 Bg6 6. Nf3 Nd7 7. h4 h6 8. Bd3 Bxd3 9. Qxd3 e6 10. Bf4 Qa5+ 11. c3 Ngf6 12. Ne5 Nd5 13. Nxd7 Nxf4 14. Qf3 Nxg2+ 15. Qxg2 Kxd7 16. 0-0 Qd5 17. f3 Rd8 18. b4 Kc8 19. Qf2 Bd6 20. Ne2 g5 21. hxg5 Qxg5+ 22. Qg2 Qh4 23. Rf2 Rhg8 24. Kf1 Rxg2 25. Rxg2 Qh1+ 26. Ng1 e5 27. Rd1 exd4 0-1

[Event "Novokuznetsk op"]
[Site "Novokuznetsk"]
[Date "2012.08.07"]
[Round "6"]
[White "Bakhmetov, Pavel"]
[Black "Orekhov, Mikhail"]
[Result "1-0"]
[WhiteElo "1959"]
[BlackElo "1797"]
[PlyCount "96"]
[EventDate "2012.08.02"]
[EventType "swiss"]
[EventRounds "9"]
[EventCountry "RUS"]
[SourceTitle "EXT 2013"]
[Source "ChessBase"]
[SourceDate "2012.11.22"]
[SourceVersion "1"]
[SourceVersionDate "2012.11.22"]
[SourceQuality "1"]

1. e4 c6 2. g3 d5 3. e5 Bf5 4. Bg2 Nd7 5. d4 e6 6. h4 h6 7. Ne2 Bb4+ 8. c3 Ba5 9. b4 Bc7 10. Nd2 Ne7 11. Nb3 b6 12. f3 Rc8 13. g4 Bh7 14. f4 Bb8 15. Be3 b5 16. Nec1 Bc7 17. Nc5 Nxc5 18. dxc5 Ra8 19. Nb3 a5 20. Nd4 axb4 21. cxb4 Ra3 22. Qd2 Bd3 23. Qb2 Qa8 24. Bc1 Ra4 25. a3 Kd7 26. Qd2 Bc4 27. Bb2 g5 28. hxg5 hxg5 29. Rxh8 Qxh8 30. Nf3 gxf4 31. Qxf4 Qh7 32. Ng5 Qc2 33. Qd2 Qb3 34. Kf2 f6 35. Nf3 fxe5 36. Bxe5 Rxa3 37. Rxa3 Qxa3 38. Bxc7 Kxc7 39. Qf4+ Kc8 40. Qf8+ Kb7 41. Qxe7+ Ka8 42. Qd8+ Ka7 43. Qc7+ Ka8 44. Qxc6+ Kb8 45. Qb6+ Ka8 46. c6 Qa7 47. Qxa7+ Kxa7 48. Nd2 e5 1-0

[Event "Novokuznetsk op"]
[Site "Novokuznetsk"]
[Date "2012.08.05"]
[Round "4"]
[White "Drachev, Nikita"]
[Black "Bakhmetov, Pavel"]
[Result "0-1"]
[WhiteElo "1797"]
[BlackElo "1959"]
[PlyCount "73"]
[EventDate "2012.08.02"]
[EventType "swiss"]
[EventRounds "9"]
[EventCountry "RUS"]
[SourceTitle "EXT 2013"]
[Source "ChessBase"]
[SourceDate "2012.11.22"]
[SourceVersion "1"]
[SourceVersionDate "2012.11.22"]
[SourceQuality "1"]

1. d4 d5 2. Nf3 c6 3. Bf4 e6 4. e3 f5 5. Nbd2 Nf6 6. Ne5 Nbd7 7. c4 Nxe5 8. Bxe5 Bd6 9. f4 Bxe5 10. fxe5 Ng4 11. Qf3 Qh4+ 12. g3 Qh6 13. Ke2 Qg6 14. h3 Nh6 15. Rc1 Qf7 16. b4 Qe7 17. a3 Nf7 18. Kf2 h5 19. Bd3 g6 20. Rc3 Ng5 21. Qe2 Bd7 22. cxd5 exd5 23. b5 h4 24. Rhc1 hxg3+ 25. Ke1 Rxh3 26. Nf1 Qh7 27. Qg2 Qh4 28. Kd2 Qg4 29. R3c2 Nf3+ 30. Kc3 Nh4 31. Qg1 g2 32. Nd2 Rh1 33. Qf2 g1Q 34. Rxg1 Rxg1 35. Be2 Rg2 36. Bxg4 Rxf2 37. bxc6 0-1

[Event "Novokuznetsk op"]
[Site "Novokuznetsk"]
[Date "2012.08.04"]
[Round "3"]
[White "Bakhmetov, Pavel"]
[Black "Schepetkov, Roman"]
[Result "0-1"]
[WhiteElo "1959"]
[BlackElo "1851"]
[PlyCount "58"]
[EventDate "2012.08.02"]
[EventType "swiss"]
[EventRounds "9"]
[EventCountry "RUS"]
[SourceTitle "EXT 2013"]
[Source "ChessBase"]
[SourceDate "2012.11.22"]
[SourceVersion "1"]
[SourceVersionDate "2012.11.22"]
[SourceQuality "1"]

1. e4 e6 2. c4 d5 3. exd5 exd5 4. cxd5 Nf6 5. Bb5+ Nbd7 6. Nc3 Be7 7. d4 0-0 8. Qc2 Nb6 9. Nge2 Nbxd5 10. Nxd5 Qxd5 11. Bd3 Re8 12. 0-0 Bd6 13. Nf4 Qxd4 14. Rd1 Bxf4 15. g3 Be5 16. Bb5 Qb4 17. Bxe8 Nxe8 18. Qe2 Bg4 19. f3 Bd4+ 20. Kg2 Be6 21. a3 Qb6 22. Qe4 Bf6 23. Qe2 Nd6 24. Rb1 Bc4 25. Qe1 Re8 26. Qb4 Re2+ 27. Kh3 Be6+ 28. g4 Qf2 29. Qf4 Qh4# 0-1

[Event "Novokuznetsk School op"]
[Site "Novokuznetsk"]
[Date "2012.06.13"]
[Round "9"]
[White "Bakhmetov, Pavel"]
[Black "Evtina, Diana"]
[Result "0-1"]
[WhiteElo "2053"]
[BlackElo "1910"]
[PlyCount "58"]
[EventDate "2012.06.13"]
[EventType "swiss"]
[EventRounds "9"]
[EventCountry "RUS"]
[SourceTitle "EXT 2022"]
[Source "ChessBase"]
[SourceDate "2021.10.06"]
[SourceVersion "1"]
[SourceVersionDate "2021.10.06"]
[SourceQuality "1"]

1. e4 c5 2. Nc3 Nc6 3. f4 g6 4. Bc4 Bg7 5. d3 d6 6. Be3 Bd7 7. Nf3 Nf6 8. h3 Qb6 9. Rb1 0-0 10. 0-0 Nd4 11. e5 Nxf3+ 12. Qxf3 Bc6 13. Qf2 Ne8 14. d4 cxd4 15. Bxd4 Qc7 16. Bxa7 Bxg2 17. Bxf7+ Rxf7 18. e6 Rf6 19. Qxg2 Rxa7 20. Nd5 Qc5+ 21. Kh2 Rxe6 22. f5 Re5 23. Nc3 Rxf5 24. Ne4 Qe5+ 25. Kh1 Nf6 26. Rxf5 Qxf5 27. Re1 Nxe4 28. Rxe4 Rxa2 29. Qe2 Qxh3+ 0-1

[Event "Novokuznetsk School op"]
[Site "Novokuznetsk"]
[Date "2012.06.13"]
[Round "2"]
[White "Bakhmetov, Pavel"]
[Black "Guzikov, Danil"]
[Result "0-1"]
[WhiteElo "2053"]
[BlackElo "2147"]
[PlyCount "30"]
[EventDate "2012.06.13"]
[EventType "swiss"]
[EventRounds "9"]
[EventCountry "RUS"]
[SourceTitle "EXT 2022"]
[Source "ChessBase"]
[SourceDate "2021.10.06"]
[SourceVersion "1"]
[SourceVersionDate "2021.10.06"]
[SourceQuality "1"]

1. e4 e5 2. Nc3 Nf6 3. Bc4 Nxe4 4. Bxf7+ Kxf7 5. Nxe4 g6 6. d4 exd4 7. Qxd4 Nc6 8. Qxh8 Bb4+ 9. Qc3 Qe7 10. Kf1 Bxc3 11. Nxc3 Nd4 12. Nge2 Nxe2 13. Nxe2 b6 14. Nd4 Ba6+ 15. Kg1 Qe1# 0-1

[Event "Novokuznetsk School op"]
[Site "Novokuznetsk"]
[Date "2012.06.13"]
[Round "8"]
[White "Izenev, Andrey"]
[Black "Bakhmetov, Pavel"]
[Result "0-1"]
[WhiteElo "1562"]
[BlackElo "2053"]
[PlyCount "86"]
[EventDate "2012.06.13"]
[EventType "swiss"]
[EventRounds "9"]
[EventCountry "RUS"]
[SourceTitle "EXT 2022"]
[Source "ChessBase"]
[SourceDate "2021.10.06"]
[SourceVersion "1"]
[SourceVersionDate "2021.10.06"]
[SourceQuality "1"]

1. e4 e6 2. c4 d5 3. exd5 exd5 4. d4 Nf6 5. Nc3 Nc6 6. Be3 Bf5 7. Nf3 Bb4 8. Bd3 Bg4 9. 0-0 Bxc3 10. bxc3 Ne4 11. Rc1 0-0 12. cxd5 Qxd5 13. c4 Qf5 14. h3 Bxf3 15. gxf3 Qxh3 16. fxe4 Rad8 17. Be2 Rd6 18. Bf4 Rxd4 19. Bg4 Qh4 20. Bg3 Qe7 21. Qb3 Qxe4 22. Bf3 Qg6 23. Bg2 Qh5 24. Qxb7 Ne5 25. Qxa7 c5 26. Qe7 Ng6 27. Qa7 Ne5 28. Rce1 Nxc4 29. Re7 h6 30. a4 Nd2 31. Rfe1 Nf3+ 32. Bxf3 Qxf3 33. a5 Rg4 34. Qxc5 Rxg3+ 35. fxg3 Qxg3+ 36. Kf1 Qh3+ 37. Ke2 Rd8 38. Qc7 Rc8 39. Qd7 Qg2+ 40. Kd3 Qc2+ 41. Ke3 Rc3+ 42. Kf4 Qf2+ 43. Ke5 Qxe1+ 0-1

[Event "Novokuznetsk School op"]
[Site "Novokuznetsk"]
[Date "2012.06.13"]
[Round "1"]
[White "Sukiasyan, Artem"]
[Black "Bakhmetov, Pavel"]
[Result "0-1"]
[WhiteElo "1766"]
[BlackElo "2053"]
[PlyCount "72"]
[EventDate "2012.06.13"]
[EventType "swiss"]
[EventRounds "9"]
[EventCountry "RUS"]
[SourceTitle "EXT 2022"]
[Source "ChessBase"]
[SourceDate "2021.10.06"]
[SourceVersion "1"]
[SourceVersionDate "2021.10.06"]
[SourceQuality "1"]

1. c4 c6 2. Nc3 d5 3. cxd5 cxd5 4. Nf3 Nc6 5. d4 Nf6 6. g3 h5 7. Bg2 Bg4 8. Ne5 e6 9. f3 Bf5 10. e4 Bh7 11. Bg5 dxe4 12. Nxc6 bxc6 13. fxe4 Qb6 14. 0-0 Qxb2 15. Qf3 Bg6 16. Rab1 Qa3 17. Rb7 Nd7 18. Nd5 cxd5 19. Rb3 dxe4 20. Qf2 Qa5 21. Bxe4 Qxg5 22. Bxa8 Nb6 23. Qf3 Qd8 24. Bc6+ Ke7 25. Rd1 Bc2 26. Rxb6 Qxb6 27. Rd2 Qb1+ 28. Kf2 f5 29. Qa3+ Kf6 30. Qc3 Be4 31. d5+ Kg6 32. Be8+ Kh7 33. Qc6 Qb6+ 34. Qxb6 axb6 35. dxe6 Bc5+ 36. Ke2 Rxe8 0-1

[Event "Novokuznetsk-ch HL"]
[Site "Novokuznetsk"]
[Date "2012.05.07"]
[Round "8"]
[White "Vorobyova, Alyona"]
[Black "Bakhmetov, Pavel"]
[Result "1-0"]
[WhiteElo "1993"]
[BlackElo "2053"]
[PlyCount "35"]
[EventDate "2012.04.30"]
[EventType "swiss"]
[EventRounds "8"]
[EventCountry "RUS"]
[SourceTitle "EXT 2013"]
[Source "ChessBase"]
[SourceDate "2012.11.22"]
[SourceVersion "1"]
[SourceVersionDate "2012.11.22"]
[SourceQuality "1"]

1. e4 e5 2. Nf3 Nc6 3. d4 exd4 4. Nxd4 Qh4 5. Nc3 Bb4 6. Be2 Nf6 7. 0-0 Bxc3 8. Nf5 Qxe4 9. Bd3 Qg4 10. f3 Qa4 11. bxc3 0-0 12. Nxg7 Kxg7 13. Bh6+ Kxh6 14. Qd2+ Kg7 15. Qg5+ Kh8 16. Qxf6+ Kg8 17. Qg5+ Kh8 18. Qh6 1-0

[Event "Novokuznetsk Spring op"]
[Site "Novokuznetsk"]
[Date "2012.??.??"]
[Round "6"]
[White "Bakhmetov, Pavel"]
[Black "Kuzmichev, Alexander"]
[Result "0-1"]
[WhiteElo "2053"]
[BlackElo "2024"]
[PlyCount "84"]
[EventDate "2012.04.04"]
[EventType "swiss"]
[EventRounds "9"]
[EventCountry "RUS"]
[SourceTitle "CBM 148 Extra"]
[Source "ChessBase"]
[SourceDate "2012.06.22"]
[SourceVersion "1"]
[SourceVersionDate "2012.06.22"]
[SourceQuality "1"]

1. e4 c5 2. Nc3 g6 3. f4 Bg7 4. Nf3 Nc6 5. g3 e6 6. Bg2 Nge7 7. d3 d5 8. 0-0 0-0 9. exd5 exd5 10. h3 Nf5 11. g4 Nh4 12. Nxh4 Qxh4 13. Nxd5 h5 14. f5 Nd4 15. f6 Bh8 16. c3 Nc6 17. Rf4 hxg4 18. hxg4 Re8 19. g5 Re1+ 20. Qxe1 Qxe1+ 21. Rf1 Qh4 22. Bf4 Bh3 23. Rae1 Qg4 24. Rf2 Rd8 25. c4 Nd4 26. Re3 Bxg2 27. Rxg2 Qd1+ 28. Kh2 Nf5 29. Rh3 Re8 30. Ne3 Nxe3 31. Bxe3 Qxd3 32. Bxc5 Qxc4 33. Bxa7 Qc7+ 34. Kh1 b6 35. Rgh2 Re1+ 36. Kg2 Re2+ 37. Kf3 Rxh2 38. Rxh2 Qxh2 39. Bxb6 Qxb2 40. Bc5 Qxa2 41. Be7 Qd5+ 42. Kf4 Qf5+ 0-1

[Event "Novokuznetsk Spring op"]
[Site "Novokuznetsk"]
[Date "2012.??.??"]
[Round "4"]
[White "Bakhmetov, Pavel"]
[Black "Morozov, Vasiliy"]
[Result "1-0"]
[WhiteElo "2053"]
[BlackElo "2018"]
[PlyCount "117"]
[EventDate "2012.04.04"]
[EventType "swiss"]
[EventRounds "9"]
[EventCountry "RUS"]
[SourceTitle "CBM 148 Extra"]
[Source "ChessBase"]
[SourceDate "2012.06.22"]
[SourceVersion "1"]
[SourceVersionDate "2012.06.22"]
[SourceQuality "1"]

1. e4 e6 2. c4 c5 3. Nc3 b6 4. Nf3 Bb7 5. Be2 d6 6. 0-0 a6 7. d4 cxd4 8. Nxd4 Qc7 9. Be3 Nd7 10. Nb3 Ngf6 11. f3 Be7 12. a4 0-0 13. a5 Rfe8 14. axb6 Nxb6 15. Na5 Bc8 16. Qd4 Rb8 17. b4 Nfd7 18. b5 Bf6 19. Qd3 Ne5 20. Qd2 Nbxc4 21. Nxc4 Nxc4 22. Bxc4 Qxc4 23. Qxd6 Qxc3 24. Ra3 Be7 25. Qxe7 Qxe3+ 26. Rxe3 Rxe7 27. Rd3 Bd7 28. bxa6 Kf8 29. a7 Ra8 30. Ra1 f5 31. exf5 exf5 32. Kf2 f4 33. Rb3 Kf7 34. Rb4 g5 35. Ra5 h6 36. Rb6 Be6 37. Rba6 Rb7 38. Ra1 h5 39. h3 Rb2+ 40. Kg1 Bc4 41. Rh6 Kg7 42. Rc6 Bd3 43. Rd1 Bf5 44. Rd5 Bxh3 45. Rxg5+ Kf7 46. gxh3 Rxa7 47. Rc1 Raa2 48. h4 Rh2 49. Rc7+ Kf6 50. Rc6+ Kf7 51. Rb5 Rhg2+ 52. Kf1 Rgf2+ 53. Ke1 Rae2+ 54. Kd1 Rd2+ 55. Kc1 Rd4 56. Rb7+ Ke8 57. Rh6 Rf1+ 58. Kc2 Rf2+ 59. Kc3 1-0

[Event "Novokuznetsk Spring op"]
[Site "Novokuznetsk"]
[Date "2012.??.??"]
[Round "8"]
[White "Bakhmetov, Pavel"]
[Black "Smotraeva, Valentina"]
[Result "1-0"]
[WhiteElo "2053"]
[BlackElo "1840"]
[PlyCount "73"]
[EventDate "2012.04.04"]
[EventType "swiss"]
[EventRounds "9"]
[EventCountry "RUS"]
[SourceTitle "CBM 148 Extra"]
[Source "ChessBase"]
[SourceDate "2012.06.22"]
[SourceVersion "1"]
[SourceVersionDate "2012.06.22"]
[SourceQuality "1"]

1. e4 e6 2. c4 e5 3. f4 exf4 4. d4 d6 5. Bxf4 Nf6 6. Nc3 c6 7. Nf3 Qa5 8. Bd3 Bg4 9. Qb3 b6 10. 0-0 Be7 11. Rae1 Nbd7 12. e5 dxe5 13. Nxe5 Nxe5 14. Rxe5 Qa6 15. Nd5 cxd5 16. cxd5 Qb7 17. d6 0-0 18. Rxe7 Qd5 19. Qa4 Be6 20. Be5 Ng4 21. Rxe6 Qxe6 22. Bf5 Qh6 23. Bxg4 Qe3+ 24. Kh1 Qd2 25. Qb3 Kh8 26. Rd1 Qg5 27. Bf3 Rac8 28. h3 Rc1 29. Kh2 Rxd1 30. Bxd1 f6 31. Bg3 f5 32. Be5 f4 33. Qf3 b5 34. Qg4 Qxg4 35. Bxg4 b4 36. d7 a5 37. Bc7 1-0

[Event "Novokuznetsk op"]
[Site "Novokuznetsk"]
[Date "2011.08.19"]
[Round "9"]
[White "Shukan, Mikhail"]
[Black "Bakhmetov, Pavel"]
[Result "0-1"]
[WhiteElo "2079"]
[BlackElo "2022"]
[PlyCount "132"]
[EventDate "2011.08.11"]
[EventType "swiss"]
[EventRounds "9"]
[EventCountry "RUS"]
[SourceTitle "CBM 144 Extra"]
[Source "ChessBase"]
[SourceDate "2011.10.28"]
[SourceVersion "1"]
[SourceVersionDate "2011.10.28"]
[SourceQuality "1"]

1. e4 e5 2. d4 exd4 3. Qxd4 Nc6 4. Qe3 d6 5. Nc3 Nf6 6. Bd2 Be6 7. 0-0-0 d5 8. exd5 Nxd5 9. Nxd5 Qxd5 10. c4 Qf5 11. Bd3 Qg4 12. h3 Qh5 13. g4 Qc5 14. f4 0-0-0 15. f5 Bd7 16. Qxc5 Bxc5 17. Bc3 Nb4 18. Bxb4 Bxb4 19. Be4 Rhe8 20. Bd5 Bc6 21. Nf3 Bxd5 22. cxd5 Re3 23. Ng5 h6 24. Rd4 hxg5 25. Rxb4 Rxd5 26. Rh2 b6 27. Rc4 a5 28. h4 b5 29. Rc3 Rxc3+ 30. bxc3 gxh4 31. Rxh4 g6 32. fxg6 fxg6 33. Rh2 Rd3 34. Kc2 Rg3 35. Rh4 g5 36. Rh8+ Kb7 37. Rg8 Rxg4 38. Kd3 c6 39. Rg7+ Kb6 40. Rg6 Rg3+ 41. Kd4 Rg4+ 42. Kd3 Ra4 43. Rxg5 Rxa2 44. Rg8 b4 45. cxb4 axb4 46. Kc4 c5 47. Rg6+ Ka5 48. Kxc5 Rc2+ 49. Kd4 Ka4 50. Ra6+ Kb3 51. Kd3 Rc7 52. Rd6 Kb2 53. Kd2 b3 54. Rd8 Kb1 55. Rb8 Kb2 56. Ra8 Rc5 57. Rb8 Rd5+ 58. Ke2 Ka2 59. Ra8+ Kb1 60. Rb8 b2 61. Ra8 Kc2 62. Rc8+ Kb3 63. Rb8+ Ka3 64. Ke3 Ra5 65. Kd2 Ka2 66. Kc2 Rc5+ 0-1

[Event "Novokuznetsk-ch"]
[Site "Novokuznetsk"]
[Date "2011.??.??"]
[Round "7"]
[White "Bakhmetov, Pavel"]
[Black "Lyashenko, Anna"]
[Result "0-1"]
[WhiteElo "2054"]
[BlackElo "2021"]
[PlyCount "52"]
[EventDate "2011.11.19"]
[EventType "swiss"]
[EventRounds "9"]
[EventCountry "RUS"]
[SourceTitle "EXT 2013"]
[Source "ChessBase"]
[SourceDate "2012.11.22"]
[SourceVersion "1"]
[SourceVersionDate "2012.11.22"]
[SourceQuality "1"]

1. e4 c5 2. Nc3 e6 3. g3 d5 4. exd5 exd5 5. Bg2 d4 6. Qe2+ Be7 7. Nd5 Nc6 8. d3 Be6 9. Nf4 Bd7 10. Nh5 Kf8 11. Bd2 Qb6 12. 0-0-0 Re8 13. Qf3 Nf6 14. Nxf6 Bxf6 15. h4 Be6 16. a3 c4 17. dxc4 d3 18. b4 dxc2 19. Re1 Qd4 20. Kxc2 Qb2+ 21. Kd1 Qb1+ 22. Bc1 Rd8+ 23. Ke2 Nd4+ 24. Kf1 Nxf3 25. Bxf3 Bxc4+ 26. Kg2 Bc3 0-1

[Event "Novokuznetsk-ch"]
[Site "Novokuznetsk"]
[Date "2011.??.??"]
[Round "5"]
[White "Izmailov, Anatoly"]
[Black "Bakhmetov, Pavel"]
[Result "0-1"]
[WhiteElo "1960"]
[BlackElo "2054"]
[PlyCount "100"]
[EventDate "2011.11.19"]
[EventType "swiss"]
[EventRounds "9"]
[EventCountry "RUS"]
[SourceTitle "EXT 2013"]
[Source "ChessBase"]
[SourceDate "2012.11.22"]
[SourceVersion "1"]
[SourceVersionDate "2012.11.22"]
[SourceQuality "1"]

1. Nc3 d5 2. e4 d4 3. Nce2 e5 4. Ng3 g6 5. Bc4 Bg7 6. d3 Nc6 7. a3 Nge7 8. f4 f6 9. Nf3 Bg4 10. 0-0 Qd6 11. h3 exf4 12. Ne2 Bxf3 13. Rxf3 g5 14. b4 Ne5 15. Nxf4 Nxf3+ 16. Qxf3 gxf4 17. Bxf4 Qd7 18. Qh5+ Ng6 19. Bb5 c6 20. Bc4 0-0-0 21. Bg3 Ne5 22. Bb3 Qe8 23. Qf5+ Kb8 24. a4 Qg6 25. Qf2 Bh6 26. Kh2 Be3 27. Qe2 h5 28. Rf1 h4 29. Be1 Rh5 30. c3 Rh7 31. Be6 Qh6 32. c4 Ng6 33. Rxf6 Rf8 34. Rxf8+ Qxf8 35. Bf5 Nf4 36. Qf3 Rh8 37. Bf2 Bxf2 38. Qxf4+ Ka8 39. Qxf2 Qd6+ 40. Kh1 a6 41. c5 Qd8 42. Qf4 Rg8 43. Kh2 Rg3 44. e5 Qg5 45. Qe4 Re3 46. Qxd4 Qg3+ 47. Kh1 Re1+ 48. Qg1 Qxe5 49. Be4 Rxg1+ 50. Kxg1 Qd4+ 0-1